[Event "FRA-ch Accession"]
[Site "Pau"]
[Date "2008.08.15"]
[Round "4"]
[White "Tarchichi, Paul"]
[Black "Payen, Arnaud"]
[Result "0-1"]
[WhiteElo "2153"]
[BlackElo "2372"]
[PlyCount "50"]
[EventDate "2008.08.11"]
[EventType "swiss"]
[EventRounds "9"]
[EventCountry "FRA"]
[SourceTitle "CBM 126 Extra"]
[Source "ChessBase"]
[SourceDate "2008.11.05"]
[SourceVersion "1"]
[SourceVersionDate "2008.11.05"]
[SourceQuality "1"]

1. e4 c5 2. Nf3 e6 3. d4 cxd4 4. Nxd4 a6 5. Nc3 b5 6. g3 Bb7 7. Bg2 Nf6 8. 0-0 b4 9. e5 Bxg2 10. Kxg2 bxc3 11. exf6 Qxf6 12. Bf4 cxb2 13. Rb1 Bc5 14. Qf3 d5 15. Nb3 Be7 16. c4 0-0 17. cxd5 exd5 18. Qxd5 Nc6 19. Qd2 g5 20. Be3 Ne5 21. Bxg5 Qf3+ 22. Kg1 Qe4 23. f3 Nxf3+ 24. Rxf3 Qxb1+ 25. Rf1 Qxf1+ 0-1

[Event "FRA-ch U20"]
[Site "La Roche sur Yon"]
[Date "2008.04.27"]
[Round "9"]
[White "Tarchichi, Paul"]
[Black "Congiu, Mathilde"]
[Result "1-0"]
[WhiteElo "2131"]
[BlackElo "2190"]
[PlyCount "79"]
[EventDate "2008.04.21"]
[EventType "swiss"]
[EventRounds "9"]
[EventCountry "FRA"]
[SourceTitle "EXT 2010"]
[Source "ChessBase"]
[SourceDate "2010.11.25"]
[SourceVersion "1"]
[SourceVersionDate "2010.11.25"]
[SourceQuality "1"]

1. g3 d5 2. Bg2 Nf6 3. Nf3 c6 4. b3 Bf5 5. Bb2 e6 6. 0-0 h6 7. d3 Nbd7 8. Nbd2 Bh7 9. e4 dxe4 10. dxe4 Nxe4 11. Nxe4 Bxe4 12. Re1 Bxf3 13. Qxf3 Qe7 14. a4 0-0-0 15. a5 a6 16. b4 Qxb4 17. Reb1 Qc4 18. Qxf7 Bc5 19. Bxg7 Rh7 20. Qg6 Rxg7 21. Qxg7 Bd4 22. Qxh6 Rf8 23. Rf1 Bxa1 24. Rxa1 Qxc2 25. Qxe6 Qxf2+ 26. Kh1 Rh8 27. Rd1 Qxg3 28. Qxd7+ Kb8 29. h3 Rg8 30. Qd2 Rh8 31. Rb1 Rg8 32. Qb2 Rg7 33. Rd1 Rg8 34. Rb1 Rg7 35. Qc2 Qc7 36. Qxc6 Qxc6 37. Bxc6 Kc8 38. Bxb7+ Kc7 39. Bxa6 Rg3 40. Bf1 1-0

[Event "FRA-ch U20"]
[Site "La Roche sur Yon"]
[Date "2008.04.23"]
[Round "5"]
[White "Leroy, Olivier"]
[Black "Tarchichi, Paul"]
[Result "1-0"]
[WhiteElo "2028"]
[BlackElo "2131"]
[PlyCount "81"]
[EventDate "2008.04.21"]
[EventType "swiss"]
[EventRounds "9"]
[EventCountry "FRA"]
[SourceTitle "EXT 2010"]
[Source "ChessBase"]
[SourceDate "2010.11.25"]
[SourceVersion "1"]
[SourceVersionDate "2010.11.25"]
[SourceQuality "1"]

1. e4 c5 2. Nf3 Nc6 3. d4 cxd4 4. Nxd4 e5 5. Nb5 a6 6. Nd6+ Bxd6 7. Qxd6 Qf6 8. Qd1 Qg6 9. Nc3 d5 10. Nxd5 Qxe4+ 11. Be3 Nd4 12. Nc7+ Ke7 13. Qd3 Nxc2+ 14. Kd2 Qxd3+ 15. Bxd3 Nxe3 16. Nxa8 Nd5 17. Be4 Ngf6 18. Bxd5 Nxd5 19. Rac1 Bd7 20. Nc7 Nf6 21. Rhd1 Ba4 22. b3 Bc6 23. Nxa6 Rd8+ 24. Ke1 Rxd1+ 25. Kxd1 Bxg2 26. Nc5 Kd6 27. Ke2 Bd5 28. f3 Bc6 29. b4 Nd5 30. a3 Nf4+ 31. Kf2 b6 32. Rd1+ Bd5 33. Na4 Kc7 34. Nc3 Bc6 35. a4 Nh3+ 36. Ke3 Ng5 37. Nd5+ Kb7 38. b5 Be8 39. Nxb6 Kxb6 40. Rd8 Bxb5 41. Rb8+ 1-0

[Event "FRA-ch U20"]
[Site "La Roche sur Yon"]
[Date "2008.04.21"]
[Round "3"]
[White "Steil Antoni, Fiona"]
[Black "Tarchichi, Paul"]
[Result "0-1"]
[WhiteElo "2125"]
[BlackElo "2131"]
[PlyCount "82"]
[EventDate "2008.04.21"]
[EventType "swiss"]
[EventRounds "9"]
[EventCountry "FRA"]
[SourceTitle "EXT 2010"]
[Source "ChessBase"]
[SourceDate "2010.11.25"]
[SourceVersion "1"]
[SourceVersionDate "2010.11.25"]
[SourceQuality "1"]

1. e4 c5 2. Nc3 Nc6 3. g3 e6 4. Bg2 Nge7 5. d3 d5 6. f4 g6 7. Nf3 b5 8. 0-0 b4 9. Ne2 Bg7 10. Kh1 a5 11. e5 Nf5 12. g4 Nfd4 13. Nexd4 Nxd4 14. Nxd4 cxd4 15. Qe1 h5 16. g5 Ba6 17. Qf2 Qb6 18. Rd1 Rc8 19. c3 bxc3 20. bxc3 Rxc3 21. Bf1 Kd7 22. Bb2 Rc6 23. Rac1 Rhc8 24. Bxd4 Qb4 25. Rb1 Qa4 26. Rd2 Rc2 27. Rb2 Rxd2 28. Rxd2 Rc1 29. Bc5 Qc6 30. Bd6 d4+ 31. Kg1 Bb7 32. Qg2 Qxg2+ 33. Rxg2 Bxg2 34. Kxg2 Rc2+ 35. Kf3 Rxa2 36. Be2 Ke8 37. Bc5 Bf8 38. Bxd4 a4 39. Be3 a3 40. h3 Bb4 41. Bd1 Rh2 0-1

[Event "FRA-chT2 Nord 0708"]
[Site "France"]
[Date "2008.01.20"]
[Round "6.6"]
[White "Levaux, Christian"]
[Black "Tarchichi, Paul"]
[Result "1/2-1/2"]
[WhiteElo "2113"]
[BlackElo "2116"]
[PlyCount "36"]
[EventDate "2007.10.21"]
[EventType "team-tourn"]
[EventRounds "11"]
[EventCountry "FRA"]
[SourceTitle "EXT 2009"]
[Source "ChessBase"]
[SourceDate "2008.11.26"]
[SourceVersion "1"]
[SourceVersionDate "2008.11.26"]
[SourceQuality "1"]
[WhiteTeam "Lille"]
[BlackTeam "Rueil Malmaison"]
[WhiteTeamCountry "FRA"]
[BlackTeamCountry "FRA"]

1. Nf3 d5 2. c4 c6 3. b3 Nf6 4. g3 g6 5. Bg2 Bg7 6. Bb2 Qb6 7. cxd5 Ne4 8. d4 cxd5 9. 0-0 0-0 10. Nc3 Nxc3 11. Bxc3 Nc6 12. b4 Bf5 13. Qb3 Be4 14. e3 a6 15. Rac1 Rac8 16. Nd2 Bxg2 17. Kxg2 e6 18. a4 Rc7 1/2-1/2

[Event "Syre Memorial op 30th"]
[Site "Issy les Moulineaux"]
[Date "2007.05.18"]
[Round "3"]
[White "Bernard, Christophe"]
[Black "Tarchichi, Paul"]
[Result "1-0"]
[WhiteElo "2336"]
[BlackElo "2070"]
[PlyCount "103"]
[EventDate "2007.05.17"]
[EventType "swiss"]
[EventRounds "6"]
[EventCountry "FRA"]
[SourceTitle "EXT 2008"]
[Source "ChessBase"]
[SourceDate "2007.11.25"]
[SourceVersion "1"]
[SourceVersionDate "2007.11.25"]
[SourceQuality "1"]

1. d4 Nf6 2. c4 e6 3. Nf3 Bb4+ 4. Bd2 Qe7 5. g3 b6 6. Bg2 Bb7 7. 0-0 Bxd2 8. Nbxd2 d6 9. Qc2 Nbd7 10. e4 e5 11. d5 a5 12. b3 0-0 13. a3 Rfe8 14. Nb1 Nc5 15. Nc3 c6 16. b4 axb4 17. axb4 Na6 18. dxc6 Nxb4 19. Qb3 Nxc6 20. Qxb6 Rab8 21. Rfd1 Red8 22. Nd5 Nxd5 23. cxd5 Ba8 24. Qe3 Nb4 25. Ra7 Rd7 26. Rda1 Qe8 27. Rxd7 Qxd7 28. Qc3 g6 29. Rxa8 Rxa8 30. Qxb4 Ra1+ 31. Bf1 Qc7 32. Qb2 Qa7 33. Qb5 h6 34. h4 Qa3 35. Kg2 Qc1 36. h5 Rb1 37. Qc4 Qxc4 38. Bxc4 Rb4 39. Bd3 Rb3 40. Ba6 Rb4 41. hxg6 fxg6 42. Nd2 Ra4 43. Bf1 Kf8 44. Nc4 Ke7 45. f4 Ra2+ 46. Kf3 Ra1 47. Be2 exf4 48. gxf4 g5 49. e5 gxf4 50. Nxd6 h5 51. Kxf4 Ra4+ 52. Bc4 1-0

[Event "FRA-ch U18"]
[Site "Le Grand Bornand"]
[Date "2007.04.14"]
[Round "8"]
[White "Fougerit, Valentin"]
[Black "Tarchichi, Paul"]
[Result "1/2-1/2"]
[WhiteElo "2216"]
[BlackElo "2130"]
[PlyCount "69"]
[EventDate "2007.04.07"]
[EventType "swiss"]
[EventRounds "9"]
[EventCountry "FRA"]
[SourceTitle "CBM 118 Extra"]
[Source "ChessBase"]
[SourceDate "2007.07.04"]
[SourceVersion "1"]
[SourceVersionDate "2007.07.04"]
[SourceQuality "1"]

1. e4 c5 2. Nf3 Nc6 3. Bb5 a6 4. Bxc6 dxc6 5. d3 Qc7 6. e5 Nh6 7. Be3 b6 8. a4 a5 9. 0-0 Nf5 10. Qd2 h6 11. d4 cxd4 12. Bxd4 Ba6 13. Re1 Nxd4 14. Nxd4 e6 15. Qf4 Be7 16. Qg3 0-0 17. Nd2 Rad8 18. N4f3 c5 19. Re4 Kh7 20. h4 Bb7 21. Rg4 Rg8 22. Ne4 f5 23. exf6 Qxg3 24. Rxg3 gxf6 25. Rxg8 Kxg8 26. Re1 Kf7 27. Ned2 Bd5 28. Re3 c4 29. Ne4 Rb8 30. Nc3 Rd8 31. Nxd5 Rxd5 32. Re4 Bd6 33. Kf1 Rd1+ 34. Re1 Rd5 35. Re4 1/2-1/2

[Event "FRA-ch U18"]
[Site "Le Grand Bornand"]
[Date "2007.04.09"]
[Round "3"]
[White "Tarchichi, Paul"]
[Black "Lacour, Cedric"]
[Result "0-1"]
[WhiteElo "2130"]
[BlackElo "1906"]
[PlyCount "92"]
[EventDate "2007.04.07"]
[EventType "swiss"]
[EventRounds "9"]
[EventCountry "FRA"]
[SourceTitle "CBM 118 Extra"]
[Source "ChessBase"]
[SourceDate "2007.07.04"]
[SourceVersion "1"]
[SourceVersionDate "2007.07.04"]
[SourceQuality "1"]

1. e4 Nf6 2. e5 Nd5 3. c4 Nb6 4. c5 Nd5 5. Bc4 e6 6. Nc3 Nxc3 7. dxc3 Qh4 8. Qd4 Qxd4 9. cxd4 d6 10. cxd6 cxd6 11. Nf3 Nc6 12. 0-0 Bd7 13. Bf4 d5 14. Bd3 Be7 15. a3 Rc8 16. Rac1 h6 17. Rc3 0-0 18. Rfc1 g5 19. Be3 f5 20. exf6 Bxf6 21. h3 e5 22. dxe5 Nxe5 23. Nxe5 Bxe5 24. Rxc8 Rxc8 25. Rxc8+ Bxc8 26. Bxa7 Bxb2 27. Bc5 Bd7 28. Kf1 Kf7 29. Ke2 Bg7 30. Ke3 Bc6 31. Bc2 d4+ 32. Bxd4 Bxd4+ 33. Kxd4 Bxg2 34. Bf5 Ke7 35. Ke5 Bf1 36. a4 Bc4 37. Bc8 b6 38. Bb7 Be6 39. f4 Bxh3 40. f5 h5 41. f6+ Kf8 42. Bd5 Bd7 43. Bb3 h4 44. Bd1 h3 45. Bf3 g4 46. Bd5 g3 0-1